| 000 | 00631nam a2200229 a 4500 | ||
|---|---|---|---|
| 005 | 20210219153259.0 | ||
| 008 | 991125n 000 0 spa u | ||
| 035 | _aUPN01000088323 | ||
| 100 | 1 | _aPina Arce, Federico | |
| 222 | _aCERO EN CONDUCTA | ||
| 245 | _aLa modernización educativa | ||
| 260 | _aMéxico | ||
| 300 | _a36-45 | ||
| 362 | 0 | _a1990 Año 5, no. 20, jul.-ago. | |
| 653 | 0 | _aDESCENTRALIZACION EDUCATIVA | |
| 653 | 0 | _aFINANCIAMIENTO EDUCATIVO | |
| 653 | 0 | _aREFORMA EDUCATIVA | |
| 653 | 0 | _aSALARIO DE LOS MAESTROS | |
| 700 | 1 |
_aFuentes Molinar, Olac, _d1943- |
|
| 904 |
_aAC _b026134 |
||
| 905 | _aArticulo | ||
| 999 |
_c72963 _d72963 |
||